| 000 | 01693nam0a2200337 i 4500 | ||
|---|---|---|---|
| 001 | RU\NLR\BIBL_A\010450876 | ||
| 005 | 20241115065630.0 | ||
| 010 |
_a9785209055402 _9500 |
||
| 021 |
_aRU _b2014-43665 _92652 |
||
| 035 | _a(NILC)RuMoRGB-007507686 | ||
| 035 | _a(NLR Aleph) 010450876 | ||
| 090 |
_a9927492 _c9927492 |
||
| 100 | _a20140813d2014 km y0rusy50 ca | ||
| 101 | 0 | _arus | |
| 102 | _aRU | ||
| 105 | _aa j 000yy | ||
| 200 | 1 |
_aСборник задач по теории вероятностей и математической статистике _eучебное пособие _e[для студентов направлений "Прикладная математика и информатика", "Математика и компьютерные науки", "Фундаментальная информатика и информационные технологии", "Математика", "Физика", "Радиофизика" _fИ. С. Зарядов и др.] |
|
| 210 |
_aМосква _cРоссийский ун-т дружбы народов _d2014 |
||
| 215 |
_a140 с. _cил. _d21 |
||
| 320 | _aБиблиогр.: с. 140 (18 назв.) | ||
| 606 |
_aВероятностей теория _jЗадачники _92081786 _3RU\NLR\AUTH\661257784 |
||
| 606 |
_aМатематическая статистика _jЗадачники _9936871 _3RU\NLR\AUTH\6627337 |
||
| 675 | _a519.2:004.9(075.8) | ||
| 686 | 1 | _aВ17я73-4 | |
| 702 | 1 |
_aЗарядов _bИ. С. _gИван Сергеевич _4220 |
|
| 801 | 0 |
_aRU _bRuMoRKP _c20130226 _gRCR |
|
| 801 | 2 |
_aRU _bРГБ _c20140618 _grcr |
|
| 942 | _cBOOK | ||
| 980 | _aNBR | ||